000 01055nam a2200241 a 4500
001 BRCA_7293
005 20190320205801.0
008 030412s2011----mx-a######---#000-0#spa-#
020 _a9686815333
041 _aspa
044 _amx
050 4 _aN8070
_b.V68 2011
245 1 0 _aVoto y juramento de la Inmaculada Concepción en el Convento de San Jerónimo de la Ciudad de México
_bsiglos XVII al XIX
_cestudio preliminar Manuel Ramos Medina.
260 _aMéxico
_bCentro de Estudios de Historia de México Carso
_c2011
300 _a55 p.
_bil.
_c31 cm.
500 _aIncluye una crónica inédita de las fiestas en el Convento Jerónimo de 1855 con motivo de la profesión de fe por la purísima
500 _aFacsímil de: la profesión de un quinto voto por la defensa de la purísima Concepción de 1686
504 _aBibliografía: p. 55
600 1 4 _aVirgen de la Inmaculada Concepción
_918051
610 2 4 _aConvento de San Jerónimo (Ciudad de México)
_ySiglo XVII-XIX
_918052
700 1 _aRamos Medina, Manuel
_918053
942 _2lcc
_cB
999 _c6970
_d6970